000 00657nam a2200217 i 4500
001 bg
100 1 _aLIPIŃSKI, Aleksander
245 1 0 _aElementy prawa ochrony środowiska :
_b[podręcznik] /
_cAleksander Lipiński.
250 _aStan prawny na dzień 15 kwietnia 2000 r.
260 _aKraków :
_bZakamycze,
_c2000.
300 _a252, [1] ;
_c24 cm.
650 9 _aŚrodowisko człowieka
_xhigiena i ochrona
_xprawo
_zPolska
_ystan na 2000 r.
655 _aPodręczniki
020 _a8388551027
040 _cBPK
041 0 _apl
080 _a349.6(438)(07)
920 _a83-88551-02-7
942 _cKS
008 s pl f |000 0 pol
999 _c38549
_d38549
856 _uhttp://koha.tu.koszalin.pl/cgi-bin/koha/opac-detail.pl?biblionumber=38549
_yKatalog online BPK